[Event "Frome Open 2002"]
[Site "?"]
[Date "2002.05.12"]
[Round "5.1"]
[White "Sherwin, James"]
[Black "Martyn, Rafe"]
[Result "0-1"]
[WhiteElo "2339"]
[BlackElo "2174"]
[PlyCount "82"]
[EventDate "2002.??.??"]

1. d4 Nf6 2. c4 e6 3. Nf3 Bb4+ 4. Bd2 Qe7 5. g3 Nc6 6. Nc3 Bxc3 7. Bxc3 Ne4 8.
Rc1 d6 9. d5 Nxc3 10. Rxc3 Nd8 11. Bg2 O-O 12. O-O e5 13. c5 f5 14. Qc2 Nf7 15.
cxd6 cxd6 16. Rc7 Qf6 17. Qc3 b6 18. Rc1 Ba6 19. Bf1 Rfc8 20. Qa3 Qd8 21. R7c6
Bb7 22. Rxc8 Bxc8 23. Bg2 Bb7 24. Nd2 e4 25. Qb3 Rc8 26. Rc3 Rc5 27. Rxc5 dxc5
28. Qa4 a6 29. g4 b5 30. Qc2 Bxd5 31. gxf5 e3 32. Nf1 exf2+ 33. Kxf2 Bxg2 34.
Kxg2 Qd5+ 35. Kf2 Ne5 36. Ne3 Qd4 37. Qc3 Qf4+ 38. Kg2 Ng4 39. Nxg4 Qxg4+ 40.
Kf2 Qxf5+ 41. Ke3 Qh3+ 0-1

[Event "Frome Open 2002"]
[Site "?"]
[Date "2002.05.12"]
[Round "5.3"]
[White "Chaplin, Peter"]
[Black "Rudd, Jack"]
[Result "0-1"]
[WhiteElo "1952"]
[BlackElo "2240"]
[PlyCount "70"]
[EventDate "2002.??.??"]

1. e4 e5 2. Nf3 Nc6 3. Bb5 a6 4. Ba4 Nf6 5. O-O Be7 6. Bxc6 dxc6 7. Qe1 Nd7 8.
d4 exd4 9. Nxd4 O-O 10. Be3 Ne5 11. Qe2 Ng4 12. Nf5 Bxf5 13. exf5 Nxe3 14. fxe3
Bc5 15. Nc3 Re8 16. Rf3 Qg5 17. Re1 Re5 18. Kh1 Rae8 19. e4 Bd4 20. Rg3 Qf6 21.
Qd2 Bxc3 22. Qxc3 Rxe4 23. Rxe4 Rxe4 24. Qd2 h6 25. h3 Qe5 26. Kh2 h5 27. Qc3
Qxc3 28. Rxc3 Kf8 29. Kg3 Ke7 30. Kf3 Ra4 31. a3 Kf6 32. Rc5 Rd4 33. Ke3 Rd5
34. Rc3 Kxf5 35. Rb3 Rb5 0-1

[Event "Frome Open 2002"]
[Site "?"]
[Date "2002.05.12"]
[Round "5.4"]
[White "Franklin, Michael"]
[Black "White, Ian"]
[Result "1-0"]
[WhiteElo "2160"]
[BlackElo "1792"]
[PlyCount "49"]
[EventDate "2002.??.??"]

1. d4 Nf6 2. Nf3 g6 3. Bf4 Bg7 4. e3 c5 5. c3 Qb6 6. Qb3 O-O 7. Nbd2 Nc6 8. Be2
Qxb3 9. axb3 d6 10. h3 b6 11. O-O Bb7 12. Rfe1 Rfe8 13. Bh2 e5 14. Nc4 Ne4 15.
dxe5 dxe5 16. Bd3 Nf6 17. Nfxe5 Nxe5 18. Nxe5 Ne4 19. Nc4 Red8 20. Red1 b5 21.
Na5 c4 22. bxc4 bxc4 23. Bxc4 Rdc8 24. Rd7 Nc5 25. Rxf7 1-0

[Event "Frome Open 2002"]
[Site "?"]
[Date "2002.05.12"]
[Round "5.5"]
[White "Pleasants, Allan"]
[Black "Wilkinson, Graham"]
[Result "1/2-1/2"]
[WhiteElo "1945"]
[BlackElo "1904"]
[PlyCount "37"]
[EventDate "2002.??.??"]

{[%evp 0,37,23,15,69,-2,-8,2,1,-15,15,8,6,-16,-5,-1,-1,-14,-12,-13,1,-5,-12,
-26,-10,-50,-45,-29,22,34,13,25,26,27,43,37,49,45,45,48]} 1. d4 c5 2. c4 cxd4
3. Nf3 Nc6 4. Nxd4 g6 5. Nc3 Bg7 6. Nc2 Nf6 7. e4 d6 8. Be2 O-O 9. O-O Be6 10.
Ne3 Rc8 11. Bd2 Nd7 12. Rc1 Nc5 13. Ned5 Nd4 14. Be3 Nxe2+ 15. Qxe2 Bxd5 16.
exd5 Qd7 17. Rfd1 Na4 18. Nxa4 Qxa4 19. b3 1/2-1/2